<?xml version="1.0" encoding="UTF-8"?>
<record
    xmlns:xsi="http://www.w3.org/2001/XMLSchema-instance"
    xsi:schemaLocation="http://www.loc.gov/MARC21/slim http://www.loc.gov/standards/marcxml/schema/MARC21slim.xsd"
    xmlns="http://www.loc.gov/MARC21/slim">

  <leader>02334nam a22003137a 4500</leader>
  <controlfield tag="005">20110630172640.0</controlfield>
  <datafield tag="010" ind1=" " ind2=" ">
    <subfield code="a">B-436243-247</subfield>
  </datafield>
  <datafield tag="020" ind1=" " ind2=" ">
    <subfield code="a">8182632595</subfield>
    <subfield code="c">25.00</subfield>
  </datafield>
  <datafield tag="035" ind1=" " ind2=" ">
    <subfield code="a">B-436243-247</subfield>
  </datafield>
  <datafield tag="037" ind1=" " ind2=" ">
    <subfield code="b">&#x92C;&#x94D;&#x932;&#x94D;&#x92F;&#x942;&#x92C;&#x947;&#x930;&#x940; &#x92C;&#x941;&#x915;&#x94D;&#x938;</subfield>
  </datafield>
  <datafield tag="082" ind1=" " ind2=" ">
    <subfield code="a">&#x915;</subfield>
  </datafield>
  <datafield tag="100" ind1=" " ind2=" ">
    <subfield code="a">&#x92A;&#x93E;&#x908;, &#x930;&#x942;&#x92A;&#x93E;</subfield>
    <subfield code="9">31654</subfield>
  </datafield>
  <datafield tag="245" ind1=" " ind2=" ">
    <subfield code="a">&#x926;&#x940;&#x926;&#x940;, &#x926;&#x940;&#x926;&#x940;, &#x91A;&#x940;&#x91C;&#x947;&#x902; &#x90A;&#x92A;&#x930; &#x915;&#x94D;&#x92F;&#x94B;&#x902; &#x928;&#x939;&#x940;&#x902; &#x917;&#x93F;&#x930;&#x924;&#x940; &#x939;&#x948; ?  /</subfield>
    <subfield code="c">&#x930;&#x942;&#x92A;&#x93E; &#x92A;&#x93E;&#x908;; &#x917;&#x947;&#x938;&#x94D;&#x91F;&#x94D;&#x930;&#x94B;&#x915; &#x926;&#x94D;&#x935;&#x93E;&#x930;&#x93E; &#x91A;&#x93F;&#x924;&#x94D;&#x930;&#x93E;&#x902;&#x915;&#x93F;&#x924;; &#x936;&#x94B;&#x92D;&#x93F;&#x924; &#x92E;&#x939;&#x93E;&#x91C;&#x928; &#x926;&#x94D;&#x935;&#x93E;&#x930;&#x93E; &#x939;&#x93F;&#x928;&#x94D;&#x926;&#x940; &#x92E;&#x947;&#x902; &#x905;&#x928;&#x941;&#x926;&#x93F;&#x924;</subfield>
  </datafield>
  <datafield tag="246" ind1=" " ind2=" ">
    <subfield code="a">Didi, didi, chije uppar kyon nahi girati hai ?</subfield>
    <subfield code="b">by Roopa Pai</subfield>
  </datafield>
  <datafield tag="250" ind1=" " ind2=" ">
    <subfield code="a">3&#x930;&#x93E; &#x938;&#x902;&#x938;&#x94D;&#x915;.</subfield>
  </datafield>
  <datafield tag="260" ind1=" " ind2=" ">
    <subfield code="a">&#x928;&#x908; &#x926;&#x93F;&#x932;&#x94D;&#x932;&#x940;</subfield>
    <subfield code="b">&#x92A;&#x94D;&#x930;&#x925;&#x92E; &#x92C;&#x941;&#x915;&#x94D;&#x938;</subfield>
    <subfield code="c">2009</subfield>
  </datafield>
  <datafield tag="270" ind1=" " ind2=" ">
    <subfield code="b">&#x928;&#x908; &#x926;&#x93F;&#x932;&#x94D;&#x932;&#x940;</subfield>
    <subfield code="k">011-41042483</subfield>
    <subfield code="m">www.prathambooks.org</subfield>
  </datafield>
  <datafield tag="300" ind1=" " ind2=" ">
    <subfield code="a">32&#x92A;&#x943;.;</subfield>
    <subfield code="c">24&#x938;&#x947;&#x92E;&#x940; (&#x905;&#x91C;&#x93F;&#x932;&#x94D;&#x926;)</subfield>
    <subfield code="b">&#x938;&#x91A;&#x93F;&#x924;&#x94D;&#x930;</subfield>
  </datafield>
  <datafield tag="700" ind1=" " ind2=" ">
    <subfield code="a">&#x917;&#x947;&#x938;&#x94D;&#x91F;&#x94D;&#x930;&#x94B;&#x915; </subfield>
    <subfield code="9">15991</subfield>
  </datafield>
  <datafield tag="700" ind1=" " ind2=" ">
    <subfield code="a">&#x92E;&#x939;&#x93E;&#x91C;&#x928;, &#x936;&#x94B;&#x92D;&#x93F;&#x924; </subfield>
    <subfield code="9">29071</subfield>
  </datafield>
  <datafield tag="700" ind1=" " ind2=" ">
    <subfield code="9">29066</subfield>
  </datafield>
  <datafield tag="942" ind1=" " ind2=" ">
    <subfield code="2">ddc</subfield>
    <subfield code="c">CH</subfield>
    <subfield code="m">&#x92A;&#x93E;&#x908;&#x930;&#x942;</subfield>
    <subfield code="h">&#x915;</subfield>
  </datafield>
  <datafield tag="999" ind1=" " ind2=" ">
    <subfield code="c">53471</subfield>
    <subfield code="d">53471</subfield>
  </datafield>
  <datafield tag="952" ind1=" " ind2=" ">
    <subfield code="0">0</subfield>
    <subfield code="1">0</subfield>
    <subfield code="4">0</subfield>
    <subfield code="7">0</subfield>
    <subfield code="8">FIC</subfield>
    <subfield code="a">L</subfield>
    <subfield code="b">L</subfield>
    <subfield code="d">2011-08-08</subfield>
    <subfield code="e">&#x92C;&#x94D;&#x932;&#x94D;&#x92F;&#x942; &#x92C;&#x947;&#x930;&#x940;/6364/25.3.2011/83/21.3.11/31.3.11</subfield>
    <subfield code="g">25.00</subfield>
    <subfield code="l">1</subfield>
    <subfield code="o">&#x915; &#x92A;&#x93E;&#x908;&#x930;&#x942;</subfield>
    <subfield code="p">B-436243</subfield>
    <subfield code="r">2017-07-19 00:00:00</subfield>
    <subfield code="s">2017-07-18</subfield>
    <subfield code="t">1</subfield>
    <subfield code="v">25.00</subfield>
    <subfield code="w">2011-08-08</subfield>
    <subfield code="y">CH</subfield>
  </datafield>
  <datafield tag="952" ind1=" " ind2=" ">
    <subfield code="0">0</subfield>
    <subfield code="1">0</subfield>
    <subfield code="4">0</subfield>
    <subfield code="7">0</subfield>
    <subfield code="8">FIC</subfield>
    <subfield code="a">BL1</subfield>
    <subfield code="b">BL1</subfield>
    <subfield code="d">2011-08-08</subfield>
    <subfield code="e">&#x92C;&#x94D;&#x932;&#x94D;&#x92F;&#x942; &#x92C;&#x947;&#x930;&#x940;/6364/25.3.2011/83/21.3.11/31.3.11</subfield>
    <subfield code="g">25.00</subfield>
    <subfield code="l">0</subfield>
    <subfield code="o">&#x915; &#x92A;&#x93E;&#x908;&#x930;&#x942;</subfield>
    <subfield code="p">B-436244</subfield>
    <subfield code="r">2011-08-08 00:00:00</subfield>
    <subfield code="t">1</subfield>
    <subfield code="v">25.00</subfield>
    <subfield code="w">2011-08-08</subfield>
    <subfield code="y">CH</subfield>
  </datafield>
  <datafield tag="952" ind1=" " ind2=" ">
    <subfield code="0">0</subfield>
    <subfield code="1">0</subfield>
    <subfield code="4">0</subfield>
    <subfield code="7">0</subfield>
    <subfield code="8">FIC</subfield>
    <subfield code="a">BN</subfield>
    <subfield code="b">BN</subfield>
    <subfield code="d">2011-08-08</subfield>
    <subfield code="e">&#x92C;&#x94D;&#x932;&#x94D;&#x92F;&#x942; &#x92C;&#x947;&#x930;&#x940;/6364/25.3.2011/83/21.3.11/31.3.11</subfield>
    <subfield code="g">25.00</subfield>
    <subfield code="l">7</subfield>
    <subfield code="o">&#x915; &#x92A;&#x93E;&#x908;&#x930;&#x942;</subfield>
    <subfield code="p">B-436245</subfield>
    <subfield code="r">2025-11-14 00:00:00</subfield>
    <subfield code="s">2025-10-25</subfield>
    <subfield code="t">1</subfield>
    <subfield code="v">25.00</subfield>
    <subfield code="y">CH</subfield>
  </datafield>
  <datafield tag="952" ind1=" " ind2=" ">
    <subfield code="0">0</subfield>
    <subfield code="1">0</subfield>
    <subfield code="4">0</subfield>
    <subfield code="7">0</subfield>
    <subfield code="8">FIC</subfield>
    <subfield code="a">BL3</subfield>
    <subfield code="b">BL3</subfield>
    <subfield code="d">2011-08-08</subfield>
    <subfield code="e">&#x92C;&#x94D;&#x932;&#x94D;&#x92F;&#x942; &#x92C;&#x947;&#x930;&#x940;/6364/25.3.2011/83/21.3.11/31.3.11</subfield>
    <subfield code="g">25.00</subfield>
    <subfield code="l">0</subfield>
    <subfield code="o">&#x915; &#x92A;&#x93E;&#x908;&#x930;&#x942;</subfield>
    <subfield code="p">B-436246</subfield>
    <subfield code="r">2011-08-08 00:00:00</subfield>
    <subfield code="t">1</subfield>
    <subfield code="v">25.00</subfield>
    <subfield code="w">2011-08-08</subfield>
    <subfield code="y">CH</subfield>
  </datafield>
  <datafield tag="952" ind1=" " ind2=" ">
    <subfield code="0">0</subfield>
    <subfield code="1">5</subfield>
    <subfield code="4">0</subfield>
    <subfield code="7">0</subfield>
    <subfield code="8">FIC</subfield>
    <subfield code="a">BL4</subfield>
    <subfield code="b">BL4</subfield>
    <subfield code="d">2011-08-08</subfield>
    <subfield code="e">&#x92C;&#x94D;&#x932;&#x94D;&#x92F;&#x942; &#x92C;&#x947;&#x930;&#x940;/6364/25.3.2011/83/21.3.11/31.3.11</subfield>
    <subfield code="g">25.00</subfield>
    <subfield code="l">0</subfield>
    <subfield code="o">&#x915; &#x92A;&#x93E;&#x908;&#x930;&#x942;</subfield>
    <subfield code="p">B-436247</subfield>
    <subfield code="r">2011-08-08 00:00:00</subfield>
    <subfield code="t">1</subfield>
    <subfield code="v">25.00</subfield>
    <subfield code="y">CH</subfield>
  </datafield>
</record>
